Wortgemisch - Deutsche Lieder #3 - Statistiken

Allgemein
  • Dieses Quiz wurde 865 mal gespielt
  • Das Durchschnittsergebnis liegt bei 13 aus 15
Antwortstatistiken
Hint Antwort % Korrekt
cIh lilw ßpaS Ich will Spaß
99%
straunotA Astronaut
96%
uJneg Junge
96%
nimEla mu eid leWt Einmal um die Welt
95%
igönK ovn seDuchanldt König von Deutschland
95%
tteSchlingerme mi uachB Schmetterlinge im Bauch
94%
guAne ufA! Augen Auf!
92%
ndU nenw nie diLe Und wenn ein Lied
91%
Mendähc Mädchen
90%
lAlse run uaklegt Alles nur geklaut
89%
chumoB Bochum
88%
iDe memir haclt Die immer lacht
86%
avVi onailoC Viva Colonia
80%
phymSeino Symphonie
73%
eriackichS Schickeria
46%
Keine übereinstimmenden Quizze gefunden
Verteilung der Resultate
Anzahl Personen mit jedem Resultat
Perzentil nach korrekt beantworteten Fragen
Ihre Resultats-Entwicklung
Sie haben dieses Quiz noch nicht gespielt